[Event "NRW Class1 1819"]
[Site "Germany"]
[Date "2018.12.09"]
[Round "4.2"]
[White "Kartsev, Soel"]
[Black "Suvorov, Luca"]
[Result "0-1"]
[WhiteElo "2212"]
[BlackElo "2140"]
[PlyCount "148"]
[EventDate "2018.09.16"]
[EventType "team-tourn"]
[EventRounds "9"]
[EventCountry "GER"]
[SourceTitle "EXT 2022"]
[Source "ChessBase"]
[SourceDate "2021.10.06"]
[SourceVersion "1"]
[SourceVersionDate "2021.10.06"]
[SourceQuality "1"]
[WhiteTeam "Brackel SF"]
[BlackTeam "Porz SG II"]
[WhiteTeamCountry "GER"]
[BlackTeamCountry "GER"]

1. c4 Nf6 2. Nc3 e6 3. e4 d5 4. e5 d4 5. exf6 dxc3 6. bxc3 Qxf6 7. d4 c5 8. Nf3 cxd4 9. cxd4 Bb4+ 10. Bd2 Bxd2+ 11. Qxd2 0-0 12. Be2 Rd8 13. Rd1 Nc6 14. Qe3 b6 15. 0-0 Ba6 16. Rd2 Rac8 17. Rc1 Qe7 18. h3 Na5 19. Rdc2 Rc7 20. Bd3 Rdc8 21. Qe4 g6 22. Qe2 Qb4 23. Ne5 Nc6 24. Nf3 Qa4 25. d5 Nb4 26. dxe6 Nxc2 27. exf7+ Rxf7 28. Rxc2 Re8 29. Qd2 Qc6 30. Ng5 Bb7 31. f3 Rd7 32. c5 b5 33. a4 a6 34. axb5 axb5 35. Qf4 h6 36. Be4 Qc7 37. Qxc7 Rxc7 38. Bxb7 Rxb7 39. Ne4 Reb8 40. c6 Rc7 41. Nf6+ Kf7 42. Nd5 Rcc8 43. Nb4 Ke6 44. Kf2 Ra8 45. Rc5 Ra5 46. Ke3 Kd6 47. Rd5+ Kc7 48. Kd4 Kb6 49. Rd7 Rxc6 50. Nxc6 Kxc6 51. Rg7 Ra4+ 52. Kc3 g5 53. Rg6+ Kc5 54. Rxh6 Ra3+ 55. Kb2 Re3 56. Rh5 Kc4 57. Rxg5 Re2+ 58. Kc1 b4 59. Rg8 Kc3 60. Kd1 Rd2+ 61. Ke1 Rd4 62. Rc8+ Kb2 63. g4 b3 64. h4 Ka3 65. Rc3 Kb4 66. Rc1 b2 67. Rb1 Kc3 68. h5 Rd2 69. g5 Rh2 70. Rxb2 Kxb2 71. h6 Kc3 72. Kf1 Kd4 73. Kg1 Rh5 74. Kf2 Rxg5 0-1

[Event "Dortmund Sparkassen op-A 46th"]
[Site "Dortmund"]
[Date "2018.07.20"]
[Round "7"]
[White "Kashlinskaya, Alina"]
[Black "Kartsev, Soel"]
[Result "1-0"]
[WhiteElo "2435"]
[BlackElo "2222"]
[PlyCount "63"]
[EventDate "2018.07.14"]
[EventType "swiss"]
[EventRounds "9"]
[EventCountry "GER"]
[SourceTitle "CBM 185 Extra"]
[Source "ChessBase"]
[SourceDate "2018.07.29"]
[SourceVersion "1"]
[SourceVersionDate "2018.07.29"]
[SourceQuality "1"]

1. e4 c5 2. c3 d5 3. exd5 Qxd5 4. d4 Nc6 5. Nf3 cxd4 6. cxd4 e5 7. Nc3 Bb4 8. Bd2 Bxc3 9. Bxc3 e4 10. Ne5 Nxe5 11. dxe5 Ne7 12. Be2 0-0 13. 0-0 Be6 14. Qc1 Rfd8 15. Qg5 Qc5 16. Rac1 Nd5 17. Rfd1 Qb6 18. Bd4 Qa5 19. Qh4 Rac8 20. Rxc8 Rxc8 21. Qxe4 Qxa2 22. f4 g6 23. g4 Ne7 24. Qxb7 Nd5 25. Rf1 Rc2 26. f5 Bc8 27. Qb5 Rxe2 28. Qxe2 Ba6 29. Qc2 Bxf1 30. Qc8+ Kg7 31. e6+ Kh6 32. g5+ 1-0

[Event "Herne UFO op 9th"]
[Site "Herne"]
[Date "2018.06.02"]
[Round "5"]
[White "Hausrath, Daniel"]
[Black "Kartsev, Soel"]
[Result "1-0"]
[WhiteElo "2494"]
[BlackElo "2184"]
[PlyCount "71"]
[EventDate "2018.05.30"]
[EventType "swiss"]
[EventRounds "7"]
[EventCountry "GER"]
[SourceTitle "CBM 184 Extra"]
[Source "ChessBase"]
[SourceDate "2018.06.28"]
[SourceVersion "1"]
[SourceVersionDate "2018.06.28"]
[SourceQuality "1"]

1. Nf3 c5 2. c4 Nf6 3. g3 Nc6 4. Bg2 e5 5. Nc3 d6 6. d3 Be7 7. a3 a5 8. Nd2 0-0 9. Nf1 Rb8 10. Ne3 Nd4 11. Bd2 b5 12. Nxb5 Nxb5 13. cxb5 Rxb5 14. Nc4 Bb7 15. Bxb7 Rxb7 16. Bxa5 Qa8 17. Bc3 Rxb2 18. 0-0 Rbb8 19. e4 Nd7 20. a4 f5 21. a5 Qa6 22. exf5 Rxf5 23. Qg4 g6 24. Ne3 Nf6 25. Qc4+ Qxc4 26. dxc4 Rf3 27. Rfb1 Ra8 28. Kg2 e4 29. Rb7 d5 30. cxd5 Bd6 31. a6 Ng4 32. Nxg4 Rxc3 33. Nf6+ Kf8 34. Nxh7+ Kg8 35. Nf6+ Kf8 36. Nxe4 1-0

[Event "Vlissingen HZ op 20th"]
[Site "Vlissingen"]
[Date "2016.08.09"]
[Round "5"]
[White "Janse, Alexander"]
[Black "Kartsev, Soel"]
[Result "1/2-1/2"]
[WhiteElo "2017"]
[BlackElo "2221"]
[PlyCount "87"]
[EventDate "2016.08.06"]
[EventType "swiss"]
[EventRounds "9"]
[EventCountry "NED"]
[SourceTitle "CBM 173 Extra"]
[Source "ChessBase"]
[SourceDate "2016.08.29"]
[SourceVersion "1"]
[SourceVersionDate "2016.08.29"]
[SourceQuality "1"]

1. Nf3 g6 2. g3 Bg7 3. Bg2 e5 4. d3 Nc6 5. 0-0 Nge7 6. c4 d6 7. Nc3 h6 8. Rb1 a5 9. a3 0-0 10. b4 axb4 11. axb4 Nd4 12. Bd2 c6 13. Qc1 Kh7 14. e4 Bg4 15. Nxd4 exd4 16. Nd1 d5 17. f3 Be6 18. c5 Qd7 19. Ra1 Rxa1 20. Qxa1 dxe4 21. fxe4 f5 22. Nf2 fxe4 23. Nxe4 Rxf1+ 24. Qxf1 Nd5 25. Nd6 Ne3 26. Qf4 Nxg2 27. Kxg2 Bd5+ 28. Kg1 Qh3 29. Qf2 Qg4 30. Qf1 h5 31. Bf4 Qe6 32. Nxb7 h4 33. Nd6 hxg3 34. hxg3 Qg4 35. Ne8 g5 36. Bd6 Qh5 37. Nxg7 Qh1+ 38. Kf2 Qf3+ 39. Ke1 Qe3+ 40. Qe2 Qg1+ 41. Qf1 Qe3+ 42. Qe2 Qg1+ 43. Qf1 Qe3+ 44. Qe2 1/2-1/2

[Event "Dortmund Sparkassen op-A"]
[Site "Dortmund"]
[Date "2015.06.28"]
[Round "2"]
[White "Wecker, Martin"]
[Black "Kartsev, Soel"]
[Result "1/2-1/2"]
[WhiteElo "2124"]
[BlackElo "2253"]
[PlyCount "47"]
[EventDate "2015.06.27"]
[EventType "swiss"]
[EventRounds "9"]
[EventCountry "GER"]
[SourceTitle "CBM 167 Extra"]
[Source "ChessBase"]
[SourceDate "2015.09.14"]
[SourceVersion "1"]
[SourceVersionDate "2015.09.14"]
[SourceQuality "1"]

1. Nf3 c5 2. c4 Nf6 3. Nc3 e6 4. g3 d5 5. cxd5 exd5 6. d4 Nc6 7. Bg2 Be7 8. 0-0 0-0 9. dxc5 d4 10. Na4 Ne4 11. Nxd4 Qxd4 12. Qxd4 Nxd4 13. Bxe4 Nxe2+ 14. Kg2 Bd7 15. Re1 Nxc1 16. Raxc1 Bxa4 17. Bxb7 Bg5 18. f4 Rab8 19. c6 Bxc6+ 20. Bxc6 Rxb2+ 21. Kf3 Bf6 22. Re2 Rfb8 23. Rxb2 Bxb2 24. Rc2 1/2-1/2